| Поле | Инд. | ПП | Название | Значение |
|---|---|---|---|---|
| Тип записи | a | |||
| Библиографический уровень | m | |||
| 001 | Контрольный номер | 88918e4f-236e-445f-b20f-f6d164d39ced | ||
| 005 | Дата корректировки | 20131112013134.4 | ||
| 008 | Кодируемые данные | 20010104s?a aznnnabbn zn aan | ||
| 020 | a | ISBN | 5-211-00967-3 (в пер.) | |
| c | Цена, тираж | 6.80 | ||
| 040 | a | Служба первич. каталог. | RU-RKP | |
| a | Служба первич. каталог. | НБ ТвГУ | ||
| 041 | a | Код языка текста | rus | |
| 080 | a | Индекс УДК | 536.758(075.8) | |
| 084 | a | Индекс другой классификации/Индекс ББК | В317.2я731-1 | |
| 090 | x | Авторский знак | К32 | |
| a | Полочн. индекс | В317.2 | ||
| 092 | a | 29.05 | ||
| 100 | 1_ | a | Автор | Квасников Иридий Александрович |
| 245 | 10 | a | Заглавие | Термодинамика и статистическая физика |
| b | Продолж. заглавия | Теория равновес. систем : [Учеб. пособие для вузов по спец. "Физика"] | ||
| c | Ответственность | И. А. Квасников | ||
| 260 | 0_ | a | Место издания | Москва |
| b | Издательство | Московский государственный университет | ||
| c | Дата издания | 1991 | ||
| 300 | a | Объем | 793,[6] с. | |
| b | Иллюстрации/ тип воспроизводства | ил. | ||
| c | Размеры | 22 см | ||
| 504 | a | Библиография | Указ. имен и предм. в конце кн. | |
| 650 | a | Основная рубрика | Статистическая термодинамика | |
| x | Основная подрубрика | Учебники и пособия | ||
| 653 | a | Ключевые слова | Учебники | |
| 852 | t | Порядковый номер экземпляра | 5 | |
| p | Инвентарный номер | 627339 | ||
| p | Инвентарный номер | 627340 | ||
| p | Инвентарный номер | 627341 | ||
| p | Инвентарный номер | 627342 | ||
| p | Инвентарный номер | 627343 | ||
| 930 | a | Новая/Ретро | учебники | |
| 999 | a | Подразделение 2 | Фил3 |